An Introductory history of education. (Record no. 2715)

MARC details
000 -LEADER
fixed length control field 00542nam a22002057a 4500
003 - CONTROL NUMBER IDENTIFIER
control field OSt
005 - DATE AND TIME OF LATEST TRANSACTION
control field 20151126173936.0
008 - FIXED-LENGTH DATA ELEMENTS--GENERAL INFORMATION
fixed length control field 151126b xxu||||| |||| 00| 0 eng d
020 ## - INTERNATIONAL STANDARD BOOK NUMBER
International Standard Book Number 9966846301.
040 ## - CATALOGING SOURCE
Transcribing agency DDC.
082 ## - DEWEY DECIMAL CLASSIFICATION NUMBER
Classification number 370.1SIF 1994.
100 ## - MAIN ENTRY--PERSONAL NAME
Personal name Sifuna D.N;Otiende J.E.
9 (RLIN) 6348
245 ## - TITLE STATEMENT
Title An Introductory history of education.
250 ## - EDITION STATEMENT
Edition statement Revised ed.
260 ## - PUBLICATION, DISTRIBUTION, ETC. (IMPRINT)
Place of publication, distribution, etc. Kenya.
Name of publisher, distributor, etc. Nairobi University Press.
Date of publication, distribution, etc. 1994.
300 ## - PHYSICAL DESCRIPTION
Extent 240p;
Other physical details ill;
Dimensions 25cm
504 ## - BIBLIOGRAPHY, ETC. NOTE
Bibliography, etc includes index.
650 ## - SUBJECT ADDED ENTRY--TOPICAL TERM
Topical term or geographic name as entry element Education.
9 (RLIN) 1404
942 ## - ADDED ENTRY ELEMENTS (KOHA)
Source of classification or shelving scheme Dewey Decimal Classification
Koha item type Short Loan
Holdings
Withdrawn status Lost status Source of classification or shelving scheme Damaged status Not for loan Home library Current library Date acquired Source of acquisition Inventory number Total Checkouts Full call number Barcode Date last seen Price effective from Koha item type
    Dewey Decimal Classification     MUST Main Library MUST Main Library 26/11/2015   2000/14435.   370.1SIF 1994. 2015-2819 26/11/2015 26/11/2015 Short Loan
    Dewey Decimal Classification     MUST Main Library MUST Main Library 23/01/2020 Purchase 2008/29564   370.1SIF 1994. 2020-0096 23/01/2020 23/01/2020 Open Shelf
    Dewey Decimal Classification     MUST Main Library MUST Main Library 24/02/2020 Purchase 08/29561   370.1SIF 1994. 2020-0558 24/02/2020 24/02/2020 Open Shelf